000
00306nam a2200121Ia 4500
005
20251222144734.0
008
251222s9999||||xx |||||||||||||| ||spa||
082
_a
780.985.25/E92
100
_a
Estenssoro, Juan Carlos
245
0
_a
Música y Sociedad Coloniales
264
_b
Colmillo Blanco
942
_c
LIB
999
_c
18690
_d
18690